| 000 | 00496nam a2200157Ia 4500 | ||
|---|---|---|---|
| 003 | IN-BaIIA | ||
| 008 | 211028s9999 xx 000 0 eng d | ||
| 040 | _cIIA Library | ||
| 080 |
_a530.1 _bJAR-3 |
||
| 100 |
_aJardine, Jim _95083 |
||
| 245 | 0 |
_aPhysics is fun _bvol. 3, an introductory course for secondary schools in four volumes _cJim Jardine |
|
| 260 |
_aLondon _bHeinemann _c1966 |
||
| 300 | _aviii, 168p. | ||
| 650 |
_aPhysics _973 |
||
| 942 | _cBK | ||
| 999 |
_c2849 _d2849 |
||